00349nam a2200109Ia 4500008004100000082001500041245003900056300002100095942000700116999001900123952009700142230907s9999||||xx |||||||||||||| ||und|| a613.2bNAN 0aNanotechnology in nutraceuticals : axxi, 465 pages : cBK c600830d600830 00104070aCAS-EbCAS-Ed2019-09-30l0o613.2 NANpCAS-E0004929r2023-09-12w2023-09-12yBK